LEADER 01194nam a2200277 a 4500 001 000000123901 003 CaOOAMICUS 005 20101209105542.0 008 101209s2010 it u000 u ita r 040 $aPUL$bita 082 04$a265.9 100 1 $aMioni, Matteo,$csac.$0(OLS)http://pul/name/78137 245 13$aLa lavanda dei piedi profezia dell'amore :$beis telon /$cMatteo Mioni ; [presentazione di Daniele Gianotti]. 260 $aReggio Emilia :$bSan Lorenzo,$cstampa 2010. 300 $a170 p. ;$c22 cm 490 1 $aSussidi biblici ;$v107 630 04$aBiblia$xCritica e interpretazione.$0(OLS)http://pul/subject/2023 700 1 $aGianotti, Daniele.$0(OLS)http://pul/name/78138 830 0$aSussidi biblici ;$v107.$0(OLS)http://pul/title/101703 850 $aPUL 852 $aPUL$W1$xSL Religione 3$y85$m265. 9 MIOMA 1$j142770$qDDC 21$B141709$CPULBib$Z2$F141709 $H115329 $82 941 1 $a9 996 $6082$a265.9$9(OLS)http://pul/classification/1782 996 $6245$aLa lavanda dei piedi profezia dell'amore :$beis telon$9(OLS)http://pul/title/156189 996 $6260$aReggio Emilia :$bSan Lorenzo$9(OLS)http://pul/publisher/74454 LEADER 01398nam a2200301 u 4500 001 000000057470 003 CaOOAMICUS 005 20070226120603.0 008 010509s1989 it u000 u ita u 020 $a8845907082 035 $a10888009 040 $aPUL(R)$bita 100 1 $aCaussade, Jean-Pierre de,$cS.I.,$d1675-1751.$0(OLS)http://pul/name/40113 240 10$aAbandon à la providence divine.$lItaliano.$0(OLS)http://pul/title/76944 245 12$aL'abbandono alla provvidenza divina / :$bJean-Pierre de Caussade. 260 $aMilano :$bAdelphi,$c1989. 300 $a166 p. ;$c18 cm 490 1 $aPiccola biblioteca Adelphi ;$v239 650 4$aTeologia.$0(OLS)http://pul/subject/118 650 4$aFede.$0(OLS)http://pul/subject/668 830 0$aPiccola biblioteca Adelphi ;$v239.$0(OLS)http://pul/title/37100 850 $aPUL 852 $aPUL$W1$xDP1 Altre Collocazioni$y17$mSenza collocazione$j12$nBK-PRI$b $qStampati$B75175$CPULBib$Z2$F75175 $H $81 852 $aPUL$W1$xDP1 Fondo Bordoni$y120$m2 A 43$j115035$qFondi$B172197$CPULBib$Z2$F172197 $HBor1540 $81 941 1 $a8 996 $6020$a8845907082$9(OLS)http://pul/number/72605 996 $6245$aL'abbandono alla provvidenza divina / :$bJean-Pierre de Caussade$9(OLS)http://pul/title/76945 996 $6260$aMilano :$bAdelphi$9(OLS)http://pul/publisher/51018